00454nam a2200157Ia 45000010006000000050017000060080041000230410008000640820032000721000042001042450092001462600009002383000033002476500008002806540008002882008920260306172740.0260306t2013||||xx |||||||||||||| ||spa|| aESP a342.211bP35 T. 4 V. 1 L. 2 aPeces-Barba Martínez, GregorioeAUT 0aHistoria de los derechos fundamentales. Tomo IV:bsiglo XX: Volumen 1: libro 2. Parte 2 c2013 apáginas : 582-1216c24 cm. aGEN aCDE